Normal view
MARC view
- ADVISOR Dr Muhammad Salman
Entry Personal Name
001 - CONTROL NUMBER
- control field: 72609
003 - CONTROL NUMBER IDENTIFIER
- control field: NUST
005 - DATE AND TIME OF LATEST TRANSACTION
- control field: 20210628204837.0
008 - FIXED-LENGTH DATA ELEMENTS
- fixed length control field: 210628|| aca||aabn | a|a d
040 ## - CATALOGING SOURCE
- Original cataloging agency: NUST
- Transcribing agency: NUST
100 ## - HEADING--PERSONAL NAME
- Personal name: ADVISOR Dr Muhammad Salman
670 ## - SOURCE DATA FOUND
- Source citation: Work cat.: (NUST): AZEEM IRSHAD 15812, TH-SOF-0809-AN SSRSL APPROACH TO STATE ESTIMATION OF NONLINEAR SYSTEMS, 2013
